00395nam a22001217a 450000500170000002000230001703500320004003700130007210000170008524501000010226000460020230000250024820180802130016.0 a8177081047c580.00 aB-219877,B-219874, B-219886 aDPLbENG aAhuja, Astha aAgriculture and rural development in India :bPost-liberalisation initiatives /cby Astha Ahuja aNew DelhibNew Century Publicationsc2006 axiii, 265p.c20 cms.